La Biblia Griega Septuaginta.

Bewaard in:
Bibliografische gegevens
Hoofdauteur: Fernández Marcos, Natalio (coordinador, traductor (v.I-II-III-IV-V))
Andere auteurs: Spottorno Díaz-Caro, María Victoria (coordinadora, traductora (v.I-II-III-IV-V)), Cañas Reíllo, José Manuel (traductor (v.I-II-III-IV-V)), López Salvá, Mercedes (traductora (v.II-III-IV)), Delgado Jara, Inmaculada (traductora (v.II-III-IV)), Piñero Sáenz, Antonio (traductor (v.III)), Miralles Maciá, Lorena (traductora (v.III-IV))
Formaat: Onbekend
Taal:Engels
Gepubliceerd in: Salamanca, España: Ediciones Sígueme, 2018-2023.
Editie:Tercera edición (v.I)
Reeks:Biblioteca de Estudios Bíblicos;
Onderwerpen:
Tags: Voeg label toe
Geen labels, Wees de eerste die dit record labelt!

MARC

LEADER 00000 a2200000 4500
003 CL-VaPUC
005 20231123123224.0
008 231115i20182021 ||||| |||| 00| 0 eng d
999 |c 442371  |d 442369 
020 |a 978-84-301-1692-8 (o.c) 
020 |a 978-84-301-1693-5 (v.I) 
020 |a 978-84-301-1780-2 (v.II) 
020 |a 978-84-301-1854-0 (v.III) 
020 |a 978-84-301-1915-8 (v.IV) 
020 |a 978-84-301-2066-6 (v.V) 
040 |c Pontificia Universidad Católica de Valparaíso 
082 |2 22  |a 221.48 FER 2023 (v.I) 
082 |2 22  |a 221.48 FER 2018 (v.II) 
082 |2 22  |a 221.48 FER 2021 (v.III) 
082 |2 22  |a 221.48 FER 2021 (v.IV) 
082 |2 22  |a 221.48 FER 2020 (v.V) 
100 |a Fernández Marcos, Natalio  |9 885657  |e coordinador  |e traductor (v.I-II-III-IV-V) 
245 1 3 |a La Biblia Griega Septuaginta.  
250 |a Tercera edición (v.I) 
250 |a Segunda edición (v.II-III-IV) 
260 |a Salamanca, España:  |b Ediciones Sígueme,   |c 2018-2023. 
300 |a 5 volúmenes.  
490 |a Biblioteca de Estudios Bíblicos;  |n 125, 126, 127, 128, 129. 
505 |a v.I. Pentateuco. v.II. Libros históricos. v.III. Libros poéticos y sapienciales. v.IV. Libros proféticos. v.V. Nuevo testamento. 
583 |k GC  |c 20231115 
650 0 |9 886093  |a Biblia griega  |x Septuaginta   |x Traducción  
650 0 |9 302904  |a Libros sagrados  |x Biblia (Antiguo Testamento)   |v Textos griegos traducidos  
700 |a Spottorno Díaz-Caro, María Victoria  |e coordinadora  |e traductora (v.I-II-III-IV-V)  |9 885915 
700 |a Cañas Reíllo, José Manuel   |e traductor (v.I-II-III-IV-V)  |9 885916 
700 |a López Salvá, Mercedes  |e traductora (v.II-III-IV)  |9 885917 
700 |a Delgado Jara, Inmaculada  |e traductora (v.II-III-IV)  |9 885918 
700 |a Piñero Sáenz, Antonio  |e traductor (v.III)  |9 885919 
700 |a Miralles Maciá, Lorena  |e traductora (v.III-IV)  |9 885920 
942 |2 ddc  |c BK 
952 |0 0  |1 0  |2 ddc  |4 0  |6 221_480000000000000_FER_2023  |7 0  |8 A  |9 592369  |a BIBTEO  |b BIBTEO  |c GEN  |d 2023-11-10  |e 8  |g 29400.00  |h v.I  |i 5659401  |o 221.48 FER 2023   |p 5659401  |r 2025-01-17  |t 1  |v 29400.00  |w 2023-11-10  |y BK  |k ICR 
952 |0 0  |1 0  |2 ddc  |4 0  |6 221_480000000000000_FER_2018  |7 0  |8 A  |9 592370  |a BIBTEO  |b BIBTEO  |c GEN  |d 2023-11-10  |e 8  |g 49000.00  |h v.II  |i 5659402  |o 221.48 FER 2018  |p 5659402  |r 2025-01-17  |t 1  |v 49000.00  |w 2023-11-10  |y BK  |k ICR 
952 |0 0  |1 0  |2 ddc  |4 0  |6 221_480000000000000_FER_2021  |7 0  |8 A  |9 592371  |a BIBTEO  |b BIBTEO  |c GEN  |d 2023-11-10  |e 8  |g 40950.00  |h v. III  |i 5659403  |l 1  |o 221.48 FER 2021  |p 5659403  |r 2025-01-17  |s 2024-08-22  |t 1  |v 40950.00  |w 2023-11-10  |y BK  |k ICR 
952 |0 0  |1 0  |2 ddc  |4 0  |6 221_480000000000000_FER_2021  |7 0  |8 A  |9 592372  |a BIBTEO  |b BIBTEO  |c GEN  |d 2023-11-10  |e 8  |g 40950.00  |h v. IV  |i 5659404  |l 2  |m 2  |o 221.48 FER 2021  |p 5659404  |r 2025-01-17  |s 2024-08-22  |t 1  |v 40950.00  |w 2023-11-10  |y BK  |k ICR 
952 |0 0  |1 0  |2 ddc  |4 0  |6 221_480000000000000_FER_2020  |7 0  |8 A  |9 592394  |a BIBTEO  |b BIBTEO  |c GEN  |d 2023-11-10  |e 8  |g 42701.00  |h v.V  |i 5659422  |l 2  |o 221.48 FER 2020  |p 5659422  |r 2025-05-05  |s 2025-05-05  |t 1  |v 42701.00  |w 2023-11-10  |y BK  |k ICR